Canciones a la muerte de los niños /
Na minha lista:
| Autor principal: | |
|---|---|
| Formato: | Livro |
| Idioma: | Spanish |
| Publicado em: |
San José, Costa Rica :
Editorial Costa Rica,
2008
|
| Assuntos: | |
| Tags: |
Adicionar Tag
Sem tags, seja o primeiro a adicionar uma tag!
|
MARC
| LEADER | 00000nam a22000007a 4500 | ||
|---|---|---|---|
| 008 | 151006s2008 c ||||r|||| 000 f spa d | ||
| 020 | |a 9789977238616 | ||
| 040 | |a CIICLA | ||
| 041 | |a spa | ||
| 082 | |a CR863.44 |b O-12c | ||
| 100 | 1 | |a Obando Bolaños, Alexander |d 1958- | |
| 245 | 1 | 0 | |a Canciones a la muerte de los niños / |c Alexánder Obando |
| 260 | |a San José, Costa Rica : |b Editorial Costa Rica, |c 2008 | ||
| 300 | |a 411 páginas | ||
| 650 | 0 | |9 13 |a LITERATURA COSTARRICENSE |x NOVELA | |
| 942 | |2 ddc |c BK | ||
| 999 | |c 4528 |d 4528 | ||



